000 00597nam a2200205Ia 4500
003 IN-BaIIA
008 211028s9999 xx 000 0 eng d
020 _a0-19-851761-0
040 _cIIA Library
080 _a524.3-52
_bMES
100 _aMestel, Leon
_923570
245 0 _aStellar magnetism
_cLeon Mestel
260 _aOxford
_bClarendon Press
_c1999
300 _axx, 636p.
490 _aInternational series of monographs on physics; 99
650 _aElectrodynamics
_92319
650 _aMagnetisum
_923571
650 _aStars
942 _cBK
999 _c13447
_d13447